[Event "Samara Polugaevsky Memorial 6th"]
[Site "Samara"]
[Date "2016.07.07"]
[Round "5"]
[White "Gulinsky, Vladimir"]
[Black "Markelova, Lubov"]
[Result "1/2-1/2"]
[WhiteElo "1986"]
[BlackElo "2130"]
[PlyCount "67"]
[EventDate "2016.07.03"]
[EventType "swiss"]
[EventRounds "9"]
[EventCountry "RUS"]
[SourceTitle "EXT 2019"]
[Source "ChessBase"]
[SourceDate "2018.10.10"]
[SourceVersion "1"]
[SourceVersionDate "2018.10.10"]
[SourceQuality "1"]

1. e4 e6 2. d4 d5 3. Nc3 Nf6 4. Bg5 Bb4 5. e5 h6 6. Bd2 Bxc3 7. bxc3 Ne4 8. Bd3 Nxd2 9. Qxd2 c5 10. Nf3 Nc6 11. 0-0 Qa5 12. Rfd1 b6 13. c4 Qxd2 14. Rxd2 0-0 15. cxd5 exd5 16. c4 Be6 17. dxc5 Rfd8 18. cxb6 axb6 19. cxd5 Bxd5 20. Be2 Bxf3 21. Rxd8+ Rxd8 22. Bxf3 Nxe5 23. Rb1 Nxf3+ 24. gxf3 Rd6 25. a4 g6 26. Rb5 Kg7 27. a5 bxa5 28. Rxa5 h5 29. Kg2 Rd4 30. Rb5 Rc4 31. Ra5 Rd4 32. Rb5 Rc4 33. Ra5 Rd4 34. Rb5 1/2-1/2

[Event "Yuzhny FO-ch op"]
[Site "Armavir"]
[Date "2010.03.??"]
[Round "4"]
[White "Tomilova, Elena"]
[Black "Gulinsky, Vladimir"]
[Result "1-0"]
[WhiteElo "2297"]
[BlackElo "2009"]
[PlyCount "112"]
[EventDate "2010.03.??"]
[EventType "swiss"]
[EventRounds "9"]
[EventCountry "RUS"]
[SourceTitle "CBM 135 Extra"]
[Source "ChessBase"]
[SourceDate "2010.05.04"]
[SourceVersion "1"]
[SourceVersionDate "2010.05.04"]
[SourceQuality "1"]

1. e4 c5 2. Nf3 d6 3. d4 cxd4 4. Nxd4 Nf6 5. Nc3 a6 6. f3 e5 7. Nb3 Be6 8. Be3 Be7 9. Qd2 0-0 10. 0-0-0 Nbd7 11. g4 b5 12. g5 Nh5 13. Rg1 Nb6 14. Nd5 Bxd5 15. exd5 Qc7 16. Kb1 Rfc8 17. Qf2 Nc4 18. Bc1 a5 19. Bh3 Rcb8 20. Bg4 Nf4 21. Nd4 Bxg5 22. Bf5 Bf6 23. Ne2 Nxe2 24. Qxe2 a4 25. Rg4 g6 26. Bd3 a3 27. b3 Nb2 28. Bxb2 axb2 29. Bxb5 Qc5 30. Rc4 Qa3 31. Ba4 Rb4 32. Rxb4 Qxb4 33. Qe4 Qc5 34. Kxb2 Bg5 35. a3 Be3 36. Qb4 Qc7 37. Bc6 Bc5 38. Qxc5 dxc5 39. Bxa8 Qd6 40. Bc6 f5 41. Re1 e4 42. fxe4 Qe5+ 43. Kb1 f4 44. Rd1 c4 45. d6 cxb3 46. cxb3 Qh5 47. Rd2 Qa5 48. b4 Qxa3 49. d7 Qxb4+ 50. Kc1 Qc3+ 51. Kd1 Qb3+ 52. Ke2 Qe3+ 53. Kf1 Qxd2 54. Bd5+ Kg7 55. d8Q Qd3+ 56. Ke1 Qe3+ 1-0

[Event "Rostov-ch"]
[Site "Rostov on Don"]
[Date "2010.??.??"]
[Round "2"]
[White "Denisenko, Denis"]
[Black "Gulinsky, Vladimir"]
[Result "0-1"]
[WhiteElo "2198"]
[BlackElo "2009"]
[PlyCount "96"]
[EventDate "2010.11.21"]
[EventType "swiss"]
[EventRounds "9"]
[EventCountry "RUS"]
[SourceTitle "EXT 2012"]
[Source "ChessBase"]
[SourceDate "2011.11.24"]
[SourceVersion "1"]
[SourceVersionDate "2011.11.24"]
[SourceQuality "1"]

1. e4 c5 2. Nf3 d6 3. Bb5+ Nc6 4. Bxc6+ bxc6 5. 0-0 e6 6. d4 cxd4 7. Nxd4 Bb7 8. Re1 Nf6 9. Nf3 Be7 10. c4 0-0 11. Bg5 h6 12. Bh4 Nh5 13. Bxe7 Qxe7 14. Qd2 Nf6 15. Nc3 Rfd8 16. Qe3 Qc7 17. b4 Ng4 18. Qe2 Qb6 19. Rab1 Ne5 20. c5 Nxf3+ 21. Qxf3 dxc5 22. Na4 Qb5 23. Nxc5 Rab8 24. Qc3 Ba6 25. Rbc1 Rd6 26. h3 Rbd8 27. a4 Qb6 28. Re3 Rd4 29. Rg3 e5 30. Kh2 Bc8 31. Nd3 Qc7 32. Qxc6 Qxc6 33. Rxc6 Rxe4 34. Rc7 a6 35. Re7 Kf8 36. Rxe5 Rxe5 37. Nxe5 Rd4 38. Rb3 Bb7 39. Rb2 f6 40. Ng4 Kf7 41. Ne3 Ke6 42. g4 g6 43. Rb3 f5 44. gxf5+ gxf5 45. b5 a5 46. Rc3 Rxa4 47. Rc7 Be4 48. f4 Rb4 0-1

[Event "Rostov-ch"]
[Site "Rostov on Don"]
[Date "2010.??.??"]
[Round "6"]
[White "Petrova, Olga"]
[Black "Gulinsky, Vladimir"]
[Result "1/2-1/2"]
[WhiteElo "2274"]
[BlackElo "2009"]
[PlyCount "78"]
[EventDate "2010.11.21"]
[EventType "swiss"]
[EventRounds "9"]
[EventCountry "RUS"]
[SourceTitle "EXT 2012"]
[Source "ChessBase"]
[SourceDate "2011.11.24"]
[SourceVersion "1"]
[SourceVersionDate "2011.11.24"]
[SourceQuality "1"]

1. e4 c5 2. Nf3 d6 3. d4 cxd4 4. Nxd4 Nf6 5. Nc3 a6 6. Be2 e5 7. Nb3 Be6 8. Be3 Be7 9. Nd5 Bxd5 10. exd5 0-0 11. c4 Nbd7 12. 0-0 Rc8 13. Qd2 Ne4 14. Qb4 Qc7 15. Na5 Nec5 16. Qa3 f5 17. b4 Ne4 18. Bd3 Ng5 19. f4 Ne4 20. Bxe4 fxe4 21. f5 Nf6 22. h3 h6 23. Rac1 Nh5 24. g4 Nf4 25. Bxf4 exf4 26. Rce1 e3 27. Rxf4 Bg5 28. Rf3 Rfe8 29. h4 Bxh4 30. Rexe3 Bg5 31. Re6 Rxe6 32. fxe6 Qb6+ 33. Kf1 Qd4 34. Qc3 Qd1+ 35. Kg2 Qe2+ 36. Rf2 Qxg4+ 37. Qg3 Qd4 38. Qxd6 Qe4+ 39. Rf3 Qe2+ 1/2-1/2